| 000 | 00000nam##2200000za#4500 |
| 001 | 9.662592 |
| 003 | CaOODSP |
| 005 | 20220328113334 |
| 007 | ta |
| 008 | 150407|2001||||xxc||||| f|0| 0 fre|d |
| 020 | |a0-662-65550-8 |
| 040 | |aCaOODSP|bfre |
| 041 | |aeng |
| 041 | |afre |
| 043 | |an-cn--- |
| 086 | 1 |aC21-32/2-2001 |
| 110 | 1 |aCanada. |bIndustrie Canada. |
| 245 | 10|aRéglementation des aliments génétiquement modifiés : |bdocument de consultation 2001 |
| 260 | |aOttawa - Ontario : |bIndustrie Canada |c2001. |
| 300 | |aTexte français, 33p. ; |c28 cm. |
| 546 | |aBilingue |
| 563 | |aCouverture souple |
| 590 | |a01-14|b2001-04-06 |
| 691 | 07|aBiotechnologie|2gcpds |
| 691 | 07|aAliment|2gcpds |
| 691 | 07|aÉthique|2gcpds |
| 691 | 07|aÉtiquetage des aliments|2gcpds |
| 776 | 0#|tRéglementation des aliments génétiquement modifiés : |w(CaOODSP)9.639353 |
| 776 | 0#|tRegulation of genetically modified food : |w(CaOODSP)9.695207 |
| 791 | |tRegulation of genetically modified food : |eeng|w(CaOODSP)9.662591 |
| 986 | |a53338B |